Informe de la Comisión Interamericana de Derechos Humanos sobre la condición de la mujer en las américas
Spremljeno u:
| Autor kompanije: | |
|---|---|
| Format: | Knjiga |
| Jezik: | španjolski |
| Izdano: |
Washington, D.C
OEA
1998
|
| Teme: | |
| Oznake: |
Dodaj oznaku
Bez oznaka, Budi prvi tko označuje ovaj zapis!
|
MARC
| LEADER | 00000nam a2200000 a 4500 | ||
|---|---|---|---|
| 001 | UCO6254 | ||
| 003 | CL-VaPUC | ||
| 008 | 001020e19980000US |||||||||||||||||spa|d | ||
| 082 | 0 | 4 | |a 324 |b COM |2 21 |
| 110 | 2 | |a Comisión Interamericana de Derechos Humanos |e author |9 450986 | |
| 245 | 1 | 0 | |a Informe de la Comisión Interamericana de Derechos Humanos sobre la condición de la mujer en las américas |
| 300 | |a 91 p | ||
| 942 | |c BK | ||
| 945 | |d 20001020 00:00:00 |a rbrito | ||
| 260 | |a Washington, D.C |b OEA |c 1998 | ||
| 650 | 0 | |a Derechos humanos |9 223025 | |
| 650 | 0 | |a Derechos de la mujer |9 257074 | |
| 650 | 0 | |a Mujeres |9 257649 | |
| 650 | 0 | |a Discriminación |9 335101 | |
| 651 | 0 | |a América |9 255182 | |
| 583 | |a last modification |c 20001020 00:00:00 |k Rodrigo Vera | ||
| 999 | |c 291908 |d 291906 | ||
| 952 | |0 0 |1 0 |4 0 |6 324_000000000000000_COM_1998 |7 0 |8 A |9 342223 |a BIBDER |b BIBDER |d 2019-11-20 |i 3584666 |o 324 COM 1998 |p 3584666 |r 2023-01-25 |w 2019-11-20 |y BK |k DER | ||